000 00631nam a2200241Ia 4500
003 OSt
005 20220916111030.0
006 a|||||r|||| 00| 0
007 ta
008 220915b |||||||| |||| 00| 0 eng d
024 _a123859
037 _cTextbook
040 _beng
_aARTS
_cARTS
041 _aeng
082 _aV63:28:N3, H9 (906)
100 _aRogers Howard
245 0 _aNative administration in the Union of South Africa, rev by P A Linington
250 _a2nd
260 _c1949
650 _aHISTORY
942 _hV63:28:N3, H9 (906)
_cTB
_2CC
999 _c103930
_d103930